Statistics for Funniest Comedies Ever

Click here to take the quiz!

General Stats

  • This quiz has been taken 26,869 times
    (26,867 since last reset)
  • The average score is 20 of 50

Answer Stats

#ActorsFilm% Correct
6Bradley Cooper,
Zach Galifianakis
The Hangover
78%
2Will Ferrell, Steve CarellAnchorman
69%
8Sacha Baron Cohen,
Ken Davitian
Borat
68%
9Jim Carrey, Jeff DanielsDumb & Dumber
68%
1Leslie Nielsen, Robert HaysAirplane!
62%
18Bill Murray, Dan AykroydGhostbusters
61%
5John Cleese, Graham ChapmanMonty Python
and the Holy Grail
61%
44Mike Myers, Elizabeth HurleyAustin Powers
58%
28Ben Stiller, Cameron DiazThere's Something
About Mary
58%
33Dan Aykroyd, John BelushiBlues Brothers
57%
13Michael Cera, Jonah HillSuperbad
57%
15Bill Murray, Andie MacDowellGroundhog Day
56%
29Jason Biggs,
Sean William Scott
American Pie
55%
7Leslie Nielsen, O. J. SimpsonThe Naked Gun
53%
26Trey Parker, Matt StoneSouth Park
52%
3Jeff Bridges, John GoodmanThe Big Lebowski
52%
47Seth Rogen, Katherine HeiglKnocked Up
48%
4John Cleese, Graham ChapmanLife of Brian
48%
10Simon Pegg, Nick FrostShaun of the Dead
48%
35Jim Carrey, Courteney CoxAce Ventura:
Pet Detective
47%
22Ben Stiller, Owen WilsonZoolander
46%
23Steve Carell, Paul RuddThe 40 Year-Old
Virgin
44%
41Mike Myers, Dana CarveyWayne's World
44%
16Simon Pegg, Nick FrostHot Fuzz
43%
38Matthew Broderick, Alan RuckFerris Bueller's
Day Off
41%
21Ben Stiller, Vince VaughnDodgeball
40%
14Marilyn Monroe, Jack LemmonSome Like It Hot
40%
46Seth Rogen, James FrancoPineapple Express
38%
25Steve Martin, John CandyPlanes, Trains &
Automobiles
38%
40Bill Murray, Chevy ChaseCaddyshack
36%
31John Cleese, Kevin KlineA Fish Called
Wanda
34%
12Gene Wilder, Cleavon LittleBlazing Saddles
33%
30Woody Allen, Diane KeatonAnnie Hall
31%
48Adam Sandler, Julie BowenHappy Gilmore
31%
27Will Ferrell, Luke WilsonOld School
30%
32Kevin Smith, Jeff AndersonClerks
26%
19Gene Wilder, Marty FeldmanYoung Frankenstein
26%
42Ben Stiller, Robert Downey Jr.Tropic Thunder
24%
20Trey Parker, Matt StoneTeam America:
World Police
23%
17Peter Sellers, George C. ScottDr. Strangelove...
22%
45Steve Martin,
Bernadette Peters
The Jerk
22%
34Groucho Marx, Harpo MarxDuck Soup
20%
37Colin Farrell, Brendan GleesonIn Bruges
20%
11Christopher Guest,
Michael McKean
This Is Spinal Tap
19%
50Bill Murray, Woody HarrelsonKingpin
14%
49Cary Grant, Katharine HepburnBringing Up Baby
9%
24Richard E. Grant,
Paul McGann
Withnail & I
9%
39Val Kilmer, Peter CushingTop Secret!
7%
36Riz Ahmed, Kayvan NovakFour Lions
6%
43Tom Hollander, Peter CapaldiIn The Loop
5%

Score Distribution

Percentile by Number Answered

Percent of People with Each Score

Your Score History

You have not taken this quiz since the last reset